UCLA Head Basketball Coaches by Picture - Statistics

General Stats
  • This quiz has been taken 7 times
  • The average score is 7 of 15
Answer Stats
Picture Hint Answer % Correct
1948-1975 John Wooden
100%
2013-2018 Steve Alford
86%
1979-1981 Larry Brown
71%
2019-Present Mick Cronin
71%
1996-2003 Steve Lavin
71%
1975-1977 Gene Bartow
57%
2018-2019 Murry Bartow
57%
2003-2013 Ben Howland
43%
1981-1984 Larry Farmer
43%
1984-1988 Walt Hazzard
43%
1988-1996 Jim Harrick
29%
1977-1979 Gary Cunningham
14%
1939-1948 Wilbur Johns
14%
1921-1939 Caddy Works
0%
1919-1921 Fred Cozens
0%
No matching quizzes found
Score Distribution
Percent of People with Each Score
Percentile by Number Answered
Your Score History
You have not taken this quiz